00913nam a2200217 i 450000100060000000300090000600500170001500700030003200800410003510000280007624501790010426000490028330000450033249000380037770000350041570000300045083000460048085200310052699900170055795201210057463697ES-MaACL20230906164938.0t|031216s1942 sp ||||1| spa d1 aFiebiger, Josef.95069314aLos parásitos animales del hombre y de los animales domésticos /cpor Josef Fiebiger ; versión de la 3ª edición alemana por Carlos Luis de Cuenca y Rodolfo Reichert. aMadrid : b[s.n.], c1942 (fViuda de Pueyo) aXVI, 516 p., 1 lám. : bil. ; c24 cm.1 aBiblioteca de biología aplicada1 aCuenca, Carlos Luis de.9419951 aReichert, Rodolfo.9959660 aBiblioteca de biología aplicada9182901 aES-MaACLjE-1624 bR.27347 c63697d63697 00104070aATENEOMbATENEOMcDEPO2d2008-01-17eSCl0oE-1624p1066757r2023-02-23 00:00:00w2023-02-23yMONOGRAFIA